000 01130nam a22003737a 4500
001 0051283
003 KOHA_MİRAKIL
005 20260207003800.0
007 ta
008 150629b2010 tu |||gr||||#||||0|tur |
020 _a6053953393
020 _a
_a 9786053953395
040 _aTR-BiSEU
_btur
_cTR-BiSEU
_erda
041 0 _atur
044 _ctu
050 _aLB2810.5
_b.B35 2010
100 1 _aBakioğlu, Ayşen.
245 1 _aAkreditasyon :
_beğitimde kalite/
_cAyşen Bakioğlu ; Ayşen Bakioğlu, Resul Baltacı.
264 1 _aAnkara :
_bNobel Yayın Dağıtım
_c2010
300 _aXXX, 537 sayfa ;
_c24 cm.
336 _ametin
_btxt
_2rdacontent
337 _aaracısız
_bn
_2rdamedia
338 _acilt
_bnc
_2rdacarrier
490 1 _aNobel yayın ;
_vno.
490 1 _a1529.
490 1 _a Eğitim Bilimleri ;
_v362.
500 _aKaynakça var.
650 0 _aAkreditasyon (Eğitim)--Türkiye.
_995264
650 0 _aAccreditation (Education)--Turkey.
_995265
830 1 _aNobel yayın ;
_vno.
_91510
830 1 _a1529.
_98386
830 1 _a Eğitim Bilimleri ;
_v362.
_995266
942 _2lcc
_cBK
999 _c51108
_d51108